Statistics for The fun Quiz 2

Click here to take the quiz!

General Stats

  • This quiz has been taken 21 times
  • The average score is 4 of 5

Answer Stats

Answer% Correct
Guitar
89%
YouTube
83%
Flowers
78%
Light bulb
78%
Fidget spinner
61%

Score Distribution

Percentile by Number Answered

Percent of People with Each Score

Your Score History

You have not taken this quiz